| 000 | 02071nam0a2200373 i 4500 | ||
|---|---|---|---|
| 001 | RU\NLR\bibl\1952115 | ||
| 005 | 20260407104946.0 | ||
| 010 |
_a9785951605832 _9500 |
||
| 021 |
_aRU _b2012-68502 _95026 |
||
| 035 | _a(NLR Aleph) 001941243 | ||
| 090 |
_a3568459 _c3568459 |
||
| 100 | _a20121005d2011 k y0rusy50 ca | ||
| 101 | 0 |
_arus _deng _eeng |
|
| 102 | _aRU | ||
| 105 | _ay ||||||||| | ||
| 200 | 1 |
_aИнституты конституционного права _dInstitutes of constitutional law _e[монография] _f[А.Е. Постников, д.ю.н., проф., С.И. Носов, д.ю.н., проф., М.А. Мещерякова, к.ю.н. и др.] _gотв. ред.: д-ра юрид. наук, профессора Л.В. Андриченко, А.Е. Постников _gИн-т законодательства и сравн. правоведения при Правительстве Рос. Федерации _zeng |
|
| 210 |
_aМосква _cЮриспруденция _d2011 |
||
| 215 |
_a493, [1] с. _d22 |
||
| 300 | _aАвт. указаны на с. 4 | ||
| 320 | _aБиблиогр. в подстроч. примеч. | ||
| 510 | 0 |
_aInstitutes of constitutional law _zeng |
|
| 606 | 1 |
_aКонституционное право _yРоссийская Федерация _92073864 _3RU\NLR\auth\661248813 |
|
| 686 | _aХ620 | ||
| 701 | 1 |
_aПостников _bА. Е. _gАлександр Евгеньевич _4070 |
|
| 701 | 1 |
_4070 _8rus _7ca _aНосов _bС. И. _cд-р юрид. наук _f1962- _gСергей Иванович _3RU\NLR\auth\7793586 _976512 |
|
| 701 | 1 |
_aМещерякова _bМ. А. _gМария Андреевна _4070 |
|
| 702 | 1 |
_aАндриченко _bЛ. В. _gЛюдмила Васильевна _4340 |
|
| 712 | 0 | 2 |
_4570 _aИнститут законодательства и сравнительного правоведения _cМосква _3RU\NLR\AUTH\889936225 _9367278 |
| 801 | 0 |
_aRU _bNLR _c20121005 _gRCR |
|
| 801 | 1 |
_aRU _bNLR _c20121005 |
|
| 830 | _aпо эк | ||
| 942 | _cBOOK | ||
| 980 | _aNBR | ||